000 04336nam a2200301 i 4500
001 18366
003 DO-SdUEMH
005 20260204225213.0
007 ta
008 260129s2016 dr a|||gr|||| 00| 0 spa d
040 _aDO-SdUEMH
_bspa
_erda
041 _aspa
082 1 4 _mRD
_a616.5083
_bM375d
100 1 1 _aMarte Abreu, Silvia
_eautr
_93478
245 1 0 _aDermatología pediátrica :
_bdiagnóstico y tratamiento /
_cSilvia Marte A. ; revisión de texto: Miriam Jeannette Batista
264 3 _aSanto Domingo, República Dominicana :
_bSpot Color,
_c2016
264 4 _c©2016
300 _axix, 851 páginas :
_bilustraciones ;
_c22 cm.
336 _2rdacontent
_atexto
_btxt
337 _2rdamedia
_asin mediación
_bn
338 _2rdacarrier
_avolumen
_bnc
505 2 _aLesiones elementales y métodos para el diagnóstico prenatal -- La piel del recién nacido -- Alteraciones cutáneas en las enfermedades nutricionales -- Dermatitis seborreica -- Psoriasis -- Dermatitis de contacto y dermatitis atópica -- Eccema numular o dermatitis numular -- Prúrigo por insecto -- Escabiosis, otros ácaros y pediculosis -- Infecciones por bacterias grampositivas productoras de toxina -- Infecciones por coco grampositivo -- Infecciones por Neisseria meningitidis o meningococo -- Infecciones por gérmenes gramnegativos -- Botriomicosis -- Tumores y malformaciones vasculares -- Patologías de la boca -- Genodermatosis con potencial maligno -- Bartonelosis -- Infecciones por bacilos grampositivos (Corynebacterium) -- Lepra -- Tuberculosis e infecciones por micobacterias atípicas -- Infecciones por hongos levaduriformes: candidiasis y pitiriosporum -- Infecciones micóticas superficiales -- Enfermedades micóticas profundas -- Micosis sistémica -- Infecciones por virus herpes simple (VHS) -- Varicela congénita -- Enfermedades virales exantemáticas -- Infecciones por poxvirus -- Infecciones por el virus del papiloma humano -- Enfermedad por Rickettsia -- Infecciones de transmisión sexual (ITS) -- Zoonosis -- Miasis -- Ictiosis congénita -- Pitiriasis liquenoide -- Poroqueratosis -- Enfermedad de Darier-White -- Dermatosis liquenoide -- Urticaria y angioedema -- Alteraciones de la piel debidas a factores físicos y químicos -- Paniculitis -- Reacciones cutáneas a fármacos -- Eritema multiforme, síndrome de Stevens-Johnson y necrólisis epidérmica tóxica -- Pitiriasis rosada -- Eritema anular centrífugo -- Granuloma anular -- Dermatosis neutrofílica -- Dermatosis eosinofílicas -- Mastocitosis -- Diabetes y piel -- Histiocitosis -- Enfermedades de depósito lisosomal -- Manifestaciones cutáneas de errores congénitos del metabolismo -- Porfiria -- Desórdenes con alteraciones inmunológicas e inmunodeficiencia primaria -- Dermatosis purpúricas pigmentadas -- Enfermedades ampollosas adquiridas -- Acné vulgar y reacciones acneiformes -- Rosácea -- Dermatitis perioral o periorificial -- Alopecia -- Patologías de las uñas -- Patología de las glándulas sudoríparas -- Tumores de los apéndices con diferenciación sebácea -- Tumores de los apéndices con diferenciación folicular -- Fotodermias adquiridas -- Albinismo y otros trastornos genéticos con hipopigmentación -- Enfermedades hiperpigmentadas -- Patología névica -- Tumores malignos -- Tumores benignos de la piel -- Sarcoidosis -- Hipertrofias dérmicas -- Anetodermia y otros trastornos atróficos de la piel -- Vitíligo -- Desórdenes pigmentarios reticulados de la piel -- Síndromes lentiginosos -- Enfermedades neurocutáneas -- Displasias ectodérmicas -- Enfermedades del colágeno -- Hiperlipidemia -- Infecciones bacterianas de los tejidos blandos -- Manifestaciones cutáneas de enfermedades hepáticas, metabólicas y nutricionales -- Manifestaciones mucocutáneas en las alteraciones urinarias femeninas -- Manifestaciones cutáneas en las afecciones genitourinarias masculinas -- Pitiriasis rubra pilaris -- Epidermólisis ampollar hereditaria -- Síndromes asociados a tumores -- Calcinosis cutis -- Medicamentos más utilizados en dermatología pediátrica.
650 7 _aDermatología pediátrica
_93480
650 4 _aEnfermedades de la piel
_xCuidado y tratamiento
_92705
650 4 _aEnfermedades de la piel
_xDiagnóstico
_92705
700 1 _aBatista, Miriam Jeannette
_93479
_erevi
942 _2ddc
_cBK
_n0
999 _c18366
_d18366